000 00896nac a22002411u 4500
010 _a 97036609
020 _a0201325527 :
082 0 0 _a658.1599
_bEIT
090 _c9501
_d9501
100 _aEiteman, David K.
245 1 0 _aMultinational business finance /
_cDavid K. Eiteman, Arthur I. Stonehill, Michael H. Moffett ; with a contribution by Chuck Kwok.
260 _aReading, Mass. :
_bAddison-Wesley Pub. Co.,1998.
_cc1998.
300 _axxvi, 854 p. :
_bill. (some col.), map ;
_c24 cm.
440 4 _aWorld Student series
500 _aDistributer: Al-Ahram
504 _aIncludes bibliographical references and index
511 _aCatalogued by: Sara
650 0 _aInternational business enterprises
_xFinance.
700 1 _aStonehill, Arthur I.
700 1 _aMoffett, Michael H.
700 1 _aKwok, Chuck.
942 _cBB
_k658.1599 EIT
999 _c9501
_d9501